<?xml version="1.0" encoding="UTF-8"?>
<record
    xmlns:xsi="http://www.w3.org/2001/XMLSchema-instance"
    xsi:schemaLocation="http://www.loc.gov/MARC21/slim http://www.loc.gov/standards/marcxml/schema/MARC21slim.xsd"
    xmlns="http://www.loc.gov/MARC21/slim">

  <leader>06439nam a2200481 a 4500</leader>
  <controlfield tag="001">dia_7265</controlfield>
  <controlfield tag="003">CHAP</controlfield>
  <controlfield tag="005">20250520094449.0</controlfield>
  <controlfield tag="007">ta</controlfield>
  <controlfield tag="008">220117s2003    mx ado frm    001 0 spa d</controlfield>
  <datafield tag="010" ind1=" " ind2=" ">
    <subfield code="a">178562</subfield>
  </datafield>
  <datafield tag="040" ind1=" " ind2=" ">
    <subfield code="c">CHAP</subfield>
    <subfield code="a">mxchpua</subfield>
  </datafield>
  <datafield tag="041" ind1="0" ind2=" ">
    <subfield code="a">spa</subfield>
    <subfield code="b">eng</subfield>
  </datafield>
  <datafield tag="090" ind1=" " ind2=" ">
    <subfield code="a">Tesis</subfield>
    <subfield code="b">E83</subfield>
    <subfield code="c">2003</subfield>
  </datafield>
  <datafield tag="100" ind1="1" ind2=" ">
    <subfield code="a">Escobar Albavera, Martha Arl&#xE9;n</subfield>
  </datafield>
  <datafield tag="240" ind1="1" ind2="0">
    <subfield code="a">Evaluation of two varieties of wheat of temporary (Triticum aestivum L.) in the base production of pizzas pre-cooked.</subfield>
    <subfield code="l">Espa&#xF1;ol</subfield>
  </datafield>
  <datafield tag="245" ind1="1" ind2="0">
    <subfield code="a">Evaluaci&#xF3;n de dos variedades de trigo de temporal (Triticum aestivum L.) en la elaboraci&#xF3;n de bases de pizzas precocidas /</subfield>
    <subfield code="c"> Martha Arl&#xE9;n Escobar Albavera y Denice Tom&#xE1;s Rodr&#xED;guez</subfield>
  </datafield>
  <datafield tag="264" ind1=" " ind2=" ">
    <subfield code="a">Chapingo, M&#xE9;xico :</subfield>
    <subfield code="b">El autor,</subfield>
    <subfield code="c">2003</subfield>
  </datafield>
  <datafield tag="300" ind1=" " ind2=" ">
    <subfield code="a">viii, 145 hojas :</subfield>
    <subfield code="b">ilustraciones, tablas, gr&#xE1;ficas, fotografias</subfield>
  </datafield>
  <datafield tag="336" ind1=" " ind2=" ">
    <subfield code="2">rdacontent</subfield>
    <subfield code="a">texto</subfield>
    <subfield code="b">txt</subfield>
  </datafield>
  <datafield tag="337" ind1=" " ind2=" ">
    <subfield code="2">rdamedia</subfield>
    <subfield code="a">no mediado</subfield>
    <subfield code="b">n</subfield>
  </datafield>
  <datafield tag="338" ind1=" " ind2=" ">
    <subfield code="2">rdacarrier</subfield>
    <subfield code="a">volumen</subfield>
    <subfield code="b">nc</subfield>
  </datafield>
  <datafield tag="502" ind1=" " ind2=" ">
    <subfield code="a">Tesis</subfield>
    <subfield code="b">(Ingeniero Agroindustrial) --</subfield>
    <subfield code="c">UACh. Departamento de Ingenier&#xED;a Agroindustrial,</subfield>
    <subfield code="d">2003</subfield>
  </datafield>
  <datafield tag="504" ind1=" " ind2=" ">
    <subfield code="a">Bibliograf&#xED;a: hojas 118-122</subfield>
  </datafield>
  <datafield tag="520" ind1="3" ind2=" ">
    <subfield code="a">Se tom6 como objeto de estudio comparar las caracteristicas fisicas y qu&#xED;micas de dos Varicdades de trigo de temporal (N&#xE1;huatl-F2000 y Tlaxcala-F2000), adem&#xE1;s de evaluar las caracteristicas fisicas y sensoriales de bases de pizzas precocidas elaboradas a partir, de estas harinas durante un periodo de tres meses bajo condiciones de congelacibn (-15&#xB0; C). Dichas bases de pizzas precocidas se hornearon a 200&#xB0; C durante ocho minutos a partir de tres diferentes tipos de harina (variedades de temporal y una Comercial), envasadas al vacio (9 lb./in3), realizando evaluaciones de pH, cambio de peso y textura en fresco a intervalos de Is dias hasta completar dicho periodo. Los resultados se analizaron estadisticamente (&#x3B1;= 0.05) observ&#xE1;ndose que no hubo diferencia significativa en cambios de peso; para textura se tuvo que las bases mas suaves fueron aquellas de menor tiempo de almacenamiento y las de textura m&#xE1;s rigida, las que tuvieron mayor tiempo de congelaci&#xF3;n. Una vez m&#xE1;s, a intervalos de tiempo, de 15 dias durante este almacenamiento, tambi&#xE9;n se llev&#xF3; a cabo una evaluaci&#xF3;n sensorial con 50 consumidores frecuentes de este tipo de producto. Para el par&#xE1;metro de color, s&#xF3;lo se hicieron determinaciones en las bases de pizzas precocidas al inicio y al final de este periodo de almacenamiento, sin presentarse cambios significativos (a= 0.05), este resultado fue atribuido a la eficiencia del proceso de manufactura y conservaci&#xF3;n. Con los resultados obtenidos se concluye que las harinas obtenidas de los trigos temporaleros son aptas para la elaboraci&#xF3;n de pizzas, ya que su contenido de prote&#xED;na es bueno y presenta caracter&#xED;sticas de extensibilidad aptos. Los resultados que se obtuvieron en la evaluaci&#xF3;n sensorial, muestran que los panelistas no detectaron diferencia estadisticas (&#x3B1;= 0.05) ni sensoriales, en los par&#xE1;metros de apariencia general, olor y sabor entre las pizzas, por lo que se concluye con una confiabilidad del 95% que la harina obtenida de las variedades temporaleras pueden ser utilizadas para la elaboraci&#xF3;n de productos no convencionales, como son las bases de pizzas precocidas, siendo este producto apto y aceptado por el consumidor tras haber concluido el per&#xED;odo de almacenamiento sin haberse alterado sus caracter&#xED;sticas de textura, pH y sabor. </subfield>
  </datafield>
  <datafield tag="520" ind1="3" ind2=" ">
    <subfield code="a">It takes like aim study to compare the physics and chemist characteristics of two varieties of wheat of temporary (N&#xE1;huatl F2000 y Tlaxcala F2000) furthermore to evaluate the physics and sensoriales characteristics of precooked pizza's bases made from these flours during three months of storage under freezing conditions (-15&#xB0; C). Those pizza's bases were obtained to 200&#xB0; C during 8 minutes made of three different types of flour (two of them from not irrigated varieties: N&#xE1;huatl F2000 and Tlaxcala F2000 and one Commercial), packed at a vacuum of (9 lb/in2), doing evaluation of pH, weight losses and texture in fresh and at intervals of fifteen days until complete the storage period. The results were analyzed statistically (&#x3B1; = 0.05) and was checked that were not changes significantly in weight losses for varieties of wheat of temporary and for the Commercial flour there were changes of weight, for texture the bases softer were those that had fewer time of storage and the most rigid were the bases who stored at freezing conditions for 90 days. Once again, at fifteen days time periods during the storage, also was carried out a sensory evaluation with 51 normally consumers of this product. In the color parameter, were carried out certifications at the beginning and in the end of the analyzed storage time, was found that there were not significative changes (&#x3B1;= 0.05), these results were attributed to the efficiency of the manufacture and conservation process With the results it conclude that the flour obtained of the temporary wheat are suitable for the production of pizzas, its content of protein is good and presents characteristics of extensibility suitable. The results obtained in the sensory evaluation, showed that the panelists did not detect statistical difference (a= 0.05) not sensory in parameter of general appearance, smell and flavor among them, it was concluded with a reliability of 95 % that the flour obtained of the varieties of temporary can be used for the production of non conventional, products like precooked pizza's bases; being these obtained products suitable and acceptable by the consumers when the storage time was fulfilled with not changes in texture characteristics, pH, and flavor.</subfield>
  </datafield>
  <datafield tag="650" ind1="1" ind2="3">
    <subfield code="a">Pizza</subfield>
    <subfield code="x">Alimentos precocidos   </subfield>
    <subfield code="2">atg</subfield>
  </datafield>
  <datafield tag="650" ind1="1" ind2="3">
    <subfield code="a">Productos horneados  </subfield>
    <subfield code="2">atg</subfield>
  </datafield>
  <datafield tag="650" ind1="1" ind2="3">
    <subfield code="a">Trigo</subfield>
    <subfield code="x">Variedades</subfield>
    <subfield code="2">atg</subfield>
  </datafield>
  <datafield tag="650" ind1="1" ind2="3">
    <subfield code="a">Propiedades sensoriales  </subfield>
    <subfield code="2">atg</subfield>
  </datafield>
  <datafield tag="650" ind1="1" ind2="3">
    <subfield code="a">Baked goods  </subfield>
    <subfield code="2">atg</subfield>
  </datafield>
  <datafield tag="650" ind1="1" ind2="3">
    <subfield code="a">Pizza</subfield>
    <subfield code="x">Precooked foods  </subfield>
    <subfield code="2">atg</subfield>
  </datafield>
  <datafield tag="650" ind1="1" ind2="3">
    <subfield code="a">Sensory properties  </subfield>
    <subfield code="2">atg</subfield>
  </datafield>
  <datafield tag="650" ind1="1" ind2="3">
    <subfield code="a">Wheat</subfield>
    <subfield code="x">Varieties  </subfield>
    <subfield code="2">atg</subfield>
  </datafield>
  <datafield tag="700" ind1="1" ind2=" ">
    <subfield code="a">Tom&#xE1;s Rodr&#xED;guez, Denice</subfield>
    <subfield code="e">autora</subfield>
  </datafield>
  <datafield tag="700" ind1="1" ind2=" ">
    <subfield code="a">Buend&#xED;a Gonz&#xE1;lez, Mar&#xED;a Ofelia</subfield>
    <subfield code="e">directora</subfield>
  </datafield>
  <datafield tag="700" ind1="1" ind2=" ">
    <subfield code="a">Hern&#xE1;ndez Montes, Arturo</subfield>
    <subfield code="e">asesor</subfield>
  </datafield>
  <datafield tag="700" ind1="1" ind2=" ">
    <subfield code="a">Salazar Zazueta, Alfredo</subfield>
    <subfield code="e">asesor</subfield>
  </datafield>
  <datafield tag="901" ind1=" " ind2=" ">
    <subfield code="a">TESIS E83 2003</subfield>
  </datafield>
  <datafield tag="902" ind1=" " ind2=" ">
    <subfield code="a">M</subfield>
  </datafield>
  <datafield tag="905" ind1=" " ind2=" ">
    <subfield code="a">5232272003                          mx nm  8223123322spa16</subfield>
  </datafield>
  <datafield tag="942" ind1=" " ind2=" ">
    <subfield code="c">TESIS</subfield>
    <subfield code="2">Clasificaci&#xF3;n Universidad Aut&#xF3;noma Chapingo</subfield>
  </datafield>
  <datafield tag="999" ind1=" " ind2=" ">
    <subfield code="c">178562</subfield>
    <subfield code="d">178562</subfield>
  </datafield>
  <datafield tag="952" ind1=" " ind2=" ">
    <subfield code="0">0</subfield>
    <subfield code="1">0</subfield>
    <subfield code="2">local</subfield>
    <subfield code="4">0</subfield>
    <subfield code="5">5</subfield>
    <subfield code="7">0</subfield>
    <subfield code="8">TESIS</subfield>
    <subfield code="a">IA_</subfield>
    <subfield code="b">IA_</subfield>
    <subfield code="d">2022-01-18</subfield>
    <subfield code="e">El autor</subfield>
    <subfield code="l">0</subfield>
    <subfield code="o">Tesis E83 2003</subfield>
    <subfield code="p">1101011917</subfield>
    <subfield code="r">2026-02-02 00:00:00</subfield>
    <subfield code="t">Ej.2</subfield>
    <subfield code="w">2022-01-18</subfield>
    <subfield code="y">TESIS</subfield>
  </datafield>
  <datafield tag="952" ind1=" " ind2=" ">
    <subfield code="0">0</subfield>
    <subfield code="1">0</subfield>
    <subfield code="2">local</subfield>
    <subfield code="4">0</subfield>
    <subfield code="5">1</subfield>
    <subfield code="7">0</subfield>
    <subfield code="8">TESIS</subfield>
    <subfield code="a">IA_</subfield>
    <subfield code="b">IA_</subfield>
    <subfield code="d">2022-01-18</subfield>
    <subfield code="e">El autor</subfield>
    <subfield code="l">0</subfield>
    <subfield code="o">Tesis E83 2003</subfield>
    <subfield code="p">1101011916</subfield>
    <subfield code="r">2026-02-02 00:00:00</subfield>
    <subfield code="t">Ej.1</subfield>
    <subfield code="w">2022-01-18</subfield>
    <subfield code="y">TESIS</subfield>
  </datafield>
</record>
